000 00660nam a2200229Ia 4500
003 OSt
005 20220918105959.0
006 a|||||r|||| 00| 0
007 ta
008 220915b |||||||| |||| 00| 0 eng d
024 _a76909
037 _cReference Collections
040 _aARTS
_cARTS
_beng
041 _2eng
_aeng
082 _aR4,(Q6), N6 (RR)
245 0 _aDictionary of ethics, theology and society ed by Paul Barry Clarke and Andrew Linzey
260 _aLondon
_bRoutledge
_c1996
300 _axxxiii,926p.
650 _aETHICS
_95118
942 _hR4,(Q6), N6 (RR)
_cREF
999 _c110550
_d110550